000 00757nam a2200205Ii 4500
003 JO-AjNU
008 230605s9999||||xx |||||||||||||| ||und||
017 _a2012/2027
040 _aJO-AjNU
_bara
_erda
_cJO-AjNU
041 _aara
050 1 4 _aK3856.2011
100 3 _aاعداد جامعة الدول العربية ، الجامعة البريطانية في مصر ,
_eauthor
_934434
245 0 0 _aحماية المنافسة ومنع الاحتكار في المنطقة العربية
250 _a(د،ط)
264 3 1 _aالقاهرة : المنظمة العربية للتنمية الادارية ، 2011
300 _a230ص
336 _atext
_btxt
_2rdacontent
337 _aunmediated
_bn
_2rdamedia
338 _avolume
_bnc
_2rdacarrier
999 _aA14119
_c17687
_d17687